LET comprehensive reviewer : based on NCBTS and Table of Specifications (TOS) / (Record no. 10446)

MARC details
000 -LEADER
fixed length control field 00983nam a22002777i 4500
003 - CONTROL NUMBER IDENTIFIER
control field URS
005 - DATE AND TIME OF LATEST TRANSACTION
control field 20251023105255.0
008 - FIXED-LENGTH DATA ELEMENTS--GENERAL INFORMATION
fixed length control field 181018b xxu||||| |||| 00| 0 eng d
020 ## - INTERNATIONAL STANDARD BOOK NUMBER
International Standard Book Number 971-685-774-0
040 ## - CATALOGING SOURCE
Description conventions rda
Transcribing agency URS
Language of cataloging English
050 ## - LIBRARY OF CONGRESS CALL NUMBER
Classification number LB1765.P6
Item number L616l 2014
245 ## - TITLE STATEMENT
Title LET comprehensive reviewer : based on NCBTS and Table of Specifications (TOS) /
Statement of responsibility, etc Romeo C. Lanzaderas...[and three others].
264 ## - PUBLICATION, DISTRIBUTION, ETC. (IMPRINT)
Place of publication, distribution, etc Quezon City :
Name of publisher, distributor, etc Lorimar Publishing,
Date of publication, distribution, etc ©2014.
300 ## - PHYSICAL DESCRIPTION
Extent 182 pages ;
Dimensions 26 cm.
336 ## - CONTENT TYPE
Content type term text
Content type code txt
Source rdacontent
337 ## - MEDIA TYPE
Media type term unmediated
Media type code n
Source rdamedia
338 ## - CARRIER TYPE
Carrier type term volume
Carrier type code nc
Source rdacarrier
505 ## - FORMATTED CONTENTS NOTE
Formatted contents note Specialization : Technology and Livelihood Education (TLE).
650 ## - SUBJECT ADDED ENTRY--TOPICAL TERM
Topical term or geographic name as entry element Teacher -- Examinations.
650 ## - SUBJECT ADDED ENTRY--TOPICAL TERM
Topical term or geographic name as entry element Civil service
General subdivision Examinations.
700 ## - ADDED ENTRY--PERSONAL NAME
Personal name Lanzaderas, Romeo C.,
Relator term author.
700 ## - ADDED ENTRY--PERSONAL NAME
Personal name Pantaleon, Anabelle T.,
Relator term author.
700 ## - ADDED ENTRY--PERSONAL NAME
Personal name Taperla Jr., Ireneo M.,
Relator term author.
700 ## - ADDED ENTRY--PERSONAL NAME
Personal name Capuno, Reylan G.,
Relator term author.
942 ## - ADDED ENTRY ELEMENTS (KOHA)
Source of classification or shelving scheme Library of Congress Classification
Koha item type Filipiniana
Holdings
Withdrawn status Lost status Source of classification or shelving scheme Damaged status Not for loan Collection code Home library Current library Shelving location Date acquired Source of acquisition Total Checkouts Full call number Barcode Date last seen Copy number Koha item type
    Library of Congress Classification     Non-fiction Taytay College Library Taytay College Library Filipiniana Section 10/18/2018 Purchased   LB1765.P6 L616l 2014 URSTAY-4388 06/02/2025 1 Filipiniana

University of Rizal System
Email us at univlibservices@urs.edu.ph

Visit our Website www.urs.edu.ph/library